000 00907cab a2200229 4500
001 WB3522-09
008 090401t1999 xxu||||| |||| 00| 0 eng d
035 _a(Sirsi) u93880
041 _aeng
245 _aBuilding property review
260 _c1999
350 _a0
490 _aBirmingham Post
_vBusiness Property Review 10 June 1999, (LOAN)
520 _aAssesses competition between a redeveloped Birmingham city centre and out-of-town shopping centres, urges chartered surveyors to raise professional profile, discusses the role of a project monitor when planning a new development taking the new Eversheds headquarters building as an example concluding with an interview with RICS President Richard Lay.
650 _aBIRMINGHAM
650 _aRICHARD LAY
650 _aRICS
650 _aSHOPPING CENTRES
690 _aPROPERTY-COMMERCIAL PROPERTY
942 _n0
948 _c10/06/1999
999 _c59500
_d59500